| 000 | 00617nam a2200217 a 4500 | ||
|---|---|---|---|
| 001 | 17139 | ||
| 003 | CO-ViMGA | ||
| 008 | 141112s2004 ck r 000 u spa d | ||
| 020 | _a9700506593 | ||
| 040 |
_aCO-ViMGA _bspa _cCO-ViMGA |
||
| 082 | 0 | 4 | _a610.951 N344m |
| 100 | 1 |
_aGonzales G., Roberto; Jianhua, Yan _924340 |
|
| 245 | 1 | 0 | _aMedicina tradicional China |
| 260 |
_aMexico, _cGrijalbo, _c1999 |
||
| 300 | _a518.p. | ||
| 590 | _aForma de adquisición : Premio - Mincultura | ||
| 650 | 1 | 4 |
_aMEDICINA ALTERNATIVA _99066 |
| 650 | 1 | 4 |
_aMEDICINA CHINA _920984 |
| 650 | 1 | 4 |
_aMEDICINA ORIENTAL _924341 |
| 942 |
_2ddc _cBK |
||
| 999 |
_c26741 _d26741 |
||